BFDIA Elimination Order - Statistics

General Stats
  • This quiz has been taken 33 times
  • The average score is 20 of 22
Answer Stats
Episode Amount of Votes Contestant Eliminated % Correct
"Get Digging" 573 Donut
100%
"Zeeky Boogy Doog" 440 Teardrop
100%
"Insectophobe's Nightmare 3" 347 Dora
96%
"Get in the Van" 426 Match
96%
"Well Rested" 1,455 Puffball
96%
"Meaty" 14,028 Firey
92%
"Intruder Alert" 20,270 Rocky
92%
"She Deserves This" (1st Placer) 115,914 Book
88%
"Shattered!" 27,826 Coiny
88%
"Taste the Sweetness" 21,768 Gelatin
88%
"PointyPointyPointy ♫" 11,578 Golfball
88%
"Insectophobe's Nightmare 4" 28,362 Ice Cube
88%
"She Deserves This" (2nd Placer) 105,911 Needle
88%
"Start the Shift" 20,411 Pencil
88%
"I'm the Main Character" 45,806 Pin
88%
"Lots of Mud" 13,546 Spongy
88%
"Say Hijack" 41,204 Tennis Ball
88%
"Catch These Hands" 21,683 Yellow Face
88%
"Respect to the Wicked" 17,733 Bomby
83%
"🥚" 30,414 Fries
83%
"Airplanes in the Night Sky" 14,893 Nickel
83%
"Spore Day" 32,594 Ruby
83%
No matching quizzes found
Score Distribution
Percent of People with Each Score
Percentile by Number Answered
Your Score History
You have not taken this quiz